000 00419nam a2200157Ia 4500
003 GCL
008 140319s9999 xx 000 0 ara d
040 _aGCL /
_cGCL
082 0 4 _a920
_bع ع
100 1 _aعبدالسلام العشرى
245 1 0 _aعلى مبارك /
_cعبدالسلام العشرى
300 _a120 ص
490 _aرجال مشاهير
_v0
650 0 4 _aعلى مبارك
942 _2ddc
_cBK
999 _c42940
_d42940